00278nam a2200109Ia 450000500170000000800410001708200150005810000280007324500440010125000130014526400100015820251222155112.0251222s9999||||xx |||||||||||||| ||spa|| aSIQ.48.1-2 aDolores Bernabeu Tamayo 0aEnfermería siquiatrica y salud mental a2da. ed. bMonsa